[Event "POL-chT U19 Wielkopolskie"]
[Site "Poland"]
[Date "2016.02.14"]
[Round "4.4"]
[White "Olszewski, Dawid"]
[Black "Ochedzan, Tymon"]
[Result "0-1"]
[WhiteElo "1179"]
[BlackElo "1589"]
[PlyCount "52"]
[EventDate "2016.02.13"]
[EventType "team-tourn"]
[EventRounds "9"]
[EventCountry "POL"]
[SourceTitle "EXT 2019"]
[Source "ChessBase"]
[SourceDate "2018.10.10"]
[SourceVersion "1"]
[SourceVersionDate "2018.10.10"]
[SourceQuality "1"]

1. e4 c5 2. Nc3 Nc6 3. Bc4 e6 4. d3 a6 5. a4 g6 6. f4 Bg7 7. Nf3 d6 8. 0-0 Nge7 9. Qe2 Nd4 10. Nxd4 cxd4 11. Nd1 0-0 12. c3 Nc6 13. Bd2 h5 14. b4 dxc3 15. Nxc3 Nxb4 16. Rab1 Nc6 17. Na2 d5 18. Bb3 Nd4 19. Qe3 dxe4 20. dxe4 Nxb3 21. Rxb3 Bd4 22. Qxd4 Qxd4+ 23. Be3 Qxa4 24. Rb2 Qxe4 25. Re1 b5 26. Bf2 Qxf4 0-1